000
00292nam a2200121Ia 4500
008
190216s9999||||xx |||||||||||||| ||und||
100
_a
Laxman R K
245
0
_a
"You Said It Vol I,Ii,Iv,V,Vi"
260
_b
Pearl Pub
_c
1961
300
_a
105
650
_a
Miscellanious Writting
942
_c
BK
999
_c
12205
_d
12205